|
|
|
|
| LEADER |
00000nam a2200000 a 4500 |
| 001 |
vtls001236872 |
| 003 |
SK-MaSNL |
| 005 |
20260301154712.0 |
| 008 |
250414s1992 xo cze |
| 020 |
|
|
|a 8071470481
|q (brož.)
|
| 035 |
|
|
|a SNK000183880
|
| 035 |
|
|
|a urn:nbn:sk:snk-amlk3w
|
| 035 |
|
|
|a urn:nbn:sk:snk-am00bqp5
|
| 035 |
|
|
|a 60F52C28-9204-4962-AD0F-511BD83254FC
|
| 040 |
|
|
|a SNK
|b slo
|c SNK
|e AACR2
|
| 041 |
0 |
|
|a cze
|
| 044 |
|
|
|a [CS]
|
| 080 |
|
|
|a 087.5(084)=850
|2 1981
|
| 245 |
0 |
0 |
|a Fantom 2
|h Grafika
|b Peňezokazi - Fantomova hrůzostrašná dobrodružství ; Slavomír Baběrád
|
| 260 |
|
|
|a Bratislava
|b Semic-Slovart
|c 1992
|e Budapešť
|f Semic-Interprint
|
| 300 |
|
|
|a 36 s.
|c 26x17 cm
|
| 366 |
|
|
|e 22 Kčs
|
| 500 |
|
|
|a Komiks. Text čes.
|
| 500 |
|
|
|a Zo švéd. prel. Slavomír Baběrád.
|
| 655 |
|
7 |
|a beztextové leporelá
|2 SNK
|9 63057
|
| 700 |
1 |
|
|a Baběrád, Slavomír
|4 oth
|9 284564
|
| 852 |
|
|
|a Slovenská národná knižnica
|
| 919 |
|
|
|a 80-7147-048-1
|
| 954 |
|
|
|a komiksy
|a seriály kreslené detské
|a hračky knižné
|
| 958 |
|
|
|a OND
|
| 958 |
|
|
|a BQ
|
| 958 |
|
|
|a DB
|
| 958 |
|
|
|a LX
|
| 958 |
|
|
|a TL
|
| 999 |
|
|
|c 797821
|d 799751
|
| 952 |
|
|
|a SNK
|b SNK
|y PREZ
|7 0
|p 17A0801450
|o snkSB 49039/2
|0 0
|1 0
|4 0
|d 2012-07-12
|f 1
|l 0
|r 2025-02-28 00:00:00
|w 2026-02-24
|
| 952 |
|
|
|t P60, <04>, [BOOK], {604}
|a SNK
|b SNK
|y VYP
|7 0
|p 17A0148960
|o snkSB 49039/2 D1
|0 0
|1 0
|4 0
|d 1998-07-07
|l 0
|r 2005-01-01 00:00:00
|w 2026-02-24
|